الدليل العملي لنظم إدارة قواعد البيانات = (رقم التسجيلة. 13594)
[ عرض عادي ]
| 000 -الفاتح | |
|---|---|
| حقل البيانات ثابتة الطول | 00898nam a22002057a 4500 |
| 003 - محدد رقم الضبط | |
| رقم الضبط | OSt |
| 005 - وقت وتاريخ اخر تعامل مع التسجيلة | |
| رقم الضبط | 20150408113912.0 |
| 008 - عناصر البيانات ثابتة الطول - معلومات عامة | |
| حقل البيانات ثابتة الطول | 110825s jo ||||| |||| 00| 0 ara d |
| 040 ## - مصدر الفهرسة | |
| وكالة النسخ | دار أجنادين |
| 082 ## - رقم تصنيف ديوى العشرى | |
| رقم الطبعة | 21 |
| رقم التصنيف | 005.74 |
| رقم المادة | خ م د |
| 100 ## - المدخل الرئيسى - إسم شخصى | |
| الإسم الشخصى | خريسات، محمد سليمان |
| 9 (RLIN) | 3253 |
| 245 ## - بيان العنوان | |
| العنوان | الدليل العملي لنظم إدارة قواعد البيانات = |
| بقية العنوان | LAB manual Oracle 10 g (data base) : data base management system / |
| بيان المسئوليه,etc | محمد سليمان خريسات. |
| 246 ## - العنوان الموازى | |
| عنوان صحيح/عنوان مختصر | LAB manual Oracle 10 g (data base) : data base management system |
| 250 ## - بيان الطبعة | |
| بيان الطبعة | ط. 1. |
| 260 ## - PUBLICATION, DISTRIBUTION, ETC. (IMPRINT) | |
| مكان الناشر او الموزع | عمان، الأردن |
| اسم الناشر او الموزع | دار الإعصار العلمي ؛ |
| -- | مكتبة المجتمع العربي، |
| تاريخ النشر أو التوزيع | 2010 |
| 300 ## - الوصف المادى | |
| التعداد | 171 ص. : |
| تفاصيل ماديه اخرى للوعاء | أشكال ؛ |
| أبعاد الوعاء | 24 سم. |
| 650 ## - المدخل الاضافى بالموضوع-مصطلح موضوعى | |
| مصطلح موضوعي أو اسم جغرافي كعنصر مدخل | قواعد البيانات. |
| 9 (RLIN) | 3106 |
| 650 ## - المدخل الاضافى بالموضوع-مصطلح موضوعى | |
| مصطلح موضوعي أو اسم جغرافي كعنصر مدخل | أوراكل (ملف حاسوب) |
| 9 (RLIN) | 3254 |
| 942 ## - عناصر المدخل الإضافي( كوها) | |
| مصدر التصنيف او مخطط الترفيف | Dewey Decimal Classification |
| Koha [default] item type | DVD |
| حالة الفقد | نموذج السعر الفعال | حالة تلف | ليس للاعارة | رقم الطلب | تاريخ الاكتساب | الموقع الحالي | الباركود | الفرع الرئيسي | Date last seen | نوع المادة فى نظام كوها | مصدر التصنيف او خطة الترفيف | Total Checkouts |
|---|---|---|---|---|---|---|---|---|---|---|---|---|
| 2017-02-28 | 005.74 خ م د | 2017-02-28 | المكتبة المركزية بالمجمعة (CL) | 00706167 | المكتبة المركزية بالمجمعة (CL) | 2017-02-28 | كتاب | Dewey Decimal Classification | ||||
| 2017-02-28 | 005.74 خ م د | 2017-02-28 | المكتبة المركزية بالمجمعة (CL) | 00706168 | المكتبة المركزية بالمجمعة (CL) | 2017-02-28 | كتاب | Dewey Decimal Classification | ||||
| 2017-02-28 | 005.74 خ م د | 2017-02-28 | المكتبة المركزية بالمجمعة (CL) | 00706169 | المكتبة المركزية بالمجمعة (CL) | 2017-02-28 | كتاب | Dewey Decimal Classification | ||||
| 2013-03-10 | 005.74 خ م د | 2011-08-25 | قسم الاجراءات الفنية (IC) | 00102426 | قسم الاجراءات الفنية (IC) | 2013-03-10 | كتاب | Dewey Decimal Classification | ||||
| 2013-03-10 | 005.74 خ م د | 2011-08-25 | قسم الاجراءات الفنية (IC) | 00102425 | قسم الاجراءات الفنية (IC) | 2013-03-10 | كتاب | Dewey Decimal Classification | ||||
| 2013-03-10 | 005.74 خ م د | 2011-08-25 | قسم الاجراءات الفنية (IC) | 00102424 | قسم الاجراءات الفنية (IC) | 2013-03-10 | كتاب | Dewey Decimal Classification |
